Merseyrail stations - Statistics

General Stats
  • This quiz has been taken 132 times
  • The average score is 50 of 71
Answer Stats
Answer % Correct
Liverpool Lime Street
95%
Liverpool Central
94%
Liverpool Central
94%
Liverpool James Street
92%
Southport
92%
Chester
88%
Moorfields
88%
Moorfields
88%
New Brighton
87%
West Kirby
87%
Birkenhead Hamilton Square
83%
Birkenhead North
81%
Birkenhead Central
79%
Birkenhead Park
77%
Ellesmere Port
77%
Liverpool South Parkway
77%
Kirkby
76%
Ormskirk
76%
Port Sunlight
76%
Sandhills
76%
Bromborough
75%
Hunts Cross
75%
Bebington
74%
Formby
74%
Aintree
73%
Hooton
73%
Hoylake
73%
Rock Ferry
73%
Spital
73%
Bromborough Rake
71%
Green Lane
69%
Maghull
69%
St Michaels
69%
Bootle New Strand
68%
Bootle Oriel Road
68%
Meols
68%
Waterloo
68%
Ainsdale
67%
Bache
67%
Bidston
67%
Fazakerley
67%
Bank Hall
65%
Capenhurst
65%
Freshfield
65%
Hightown
65%
Conway Park
64%
Eastham Rake
64%
Birkdale
63%
Blundellsands & Crosby
63%
Brunswick
63%
Hall Road
63%
Headbolt Lane
63%
Kirkdale
63%
Seaforth & Litherland
63%
Wallasey Grove Road
63%
Aigburth
62%
Old Roan
62%
Wallasey Village
62%
Walton
62%
Little Sutton
61%
Maghull North
61%
Town Green
61%
Aughton Park
58%
Cressington
58%
Hillside
58%
Overpool
58%
Moreton
57%
Rice Lane
57%
Leasowe
56%
Manor Road
56%
Orrell Park
56%
No matching quizzes found
Score Distribution
Percent of People with Each Score
Percentile by Number Answered
Your Score History
You have not taken this quiz